The velvet well /

Bibliographic Details
Main Author: Gearon, John
Format: Book
Language:English
Published: New York : Duell, Sloan and Pearce, [1946]

MARC

Tag First Indicator Second Indicator Subfields
LEADER 00000cam a2200000 i 4500
001 in00000021444
005 20151007062321.0
008 770525s1946 nyu 00011 engm
010 |a  46005163  
035 |a (OCoLC)02992043 
035 |9 AAD4538AM 
040 |a DLC  |c SLC  |d SLC  |d TXA  |d UtOrBLW 
049 |a TXAM  |c [135535] 
050 0 0 |a PZ3.G263  |b Ve 
090 |a PS3513.E13  |b V35 1946 
092 |a 813  |b G292v 
100 1 |a Gearon, John. 
245 1 4 |a The velvet well /  |c by John Gearon. 
264 1 |a New York :  |b Duell, Sloan and Pearce,  |c [1946] 
264 4 |c ©1946 
300 |a 5 pages ., 3-197 pages ;  |c 20 cm. 
336 |a text  |b txt  |2 rdacontent 
337 |a unmediated  |b n  |2 rdamedia 
338 |a volume  |b nc  |2 rdacarrier 
999 |a MARS 
999 f f |s db25ec28-7d83-39ec-90de-0db1031cdc80  |i f3795329-5b74-3752-a641-53ee7408e3f5  |t 0 
952 f f |p ric  |a Texas A&M University  |b Rellis Campus  |c Joint Library Facility  |d Remote Storage  |t 0  |e PS3513.E13 V35 1946  |h Library of Congress classification  |i unmediated -- volume  |m A14801238182 
998 f f |a PS3513.E13 V35 1946  |t 0  |l Remote Storage